Petroleum Geoscience (Record no. 6248)

MARC details
000 -LEADER
fixed length control field 00514nam a22001937a 4500
003 - CONTROL NUMBER IDENTIFIER
control field OSt
005 - DATE AND TIME OF LATEST TRANSACTION
control field 20190820154247.0
008 - FIXED-LENGTH DATA ELEMENTS--GENERAL INFORMATION
fixed length control field 190820b ||||| |||| 00| 0 eng d
020 ## - INTERNATIONAL STANDARD BOOK NUMBER
International Standard Book Number 9780632037674
040 ## - CATALOGING SOURCE
Transcribing agency DDC
082 ## - DEWEY DECIMAL CLASSIFICATION NUMBER
Classification number 553.28 GLU 2004
100 ## - MAIN ENTRY--PERSONAL NAME
Personal name Gluyas, Jon; Swarbrick, Richard
9 (RLIN) 12849
245 ## - TITLE STATEMENT
Title Petroleum Geoscience
260 ## - PUBLICATION, DISTRIBUTION, ETC. (IMPRINT)
Place of publication, distribution, etc. USA;
Name of publisher, distributor, etc. Blackwell, 2004
300 ## - PHYSICAL DESCRIPTION
Extent 359p;
Other physical details ill:
Dimensions 25cm
504 ## - BIBLIOGRAPHY, ETC. NOTE
Bibliography, etc References, & index included
650 ## - SUBJECT ADDED ENTRY--TOPICAL TERM
Topical term or geographic name as entry element Petroleum geoscience
9 (RLIN) 12850
942 ## - ADDED ENTRY ELEMENTS (KOHA)
Source of classification or shelving scheme Dewey Decimal Classification
Koha item type Book Bank
Holdings
Withdrawn status Lost status Source of classification or shelving scheme Damaged status Not for loan Home library Current library Date acquired Source of acquisition Inventory number Total Checkouts Full call number Barcode Date last seen Koha item type Date last checked out
    Dewey Decimal Classification     Main Kihumuro Campus Main Kihumuro Campus 20/08/2019 Purchase 19/40966   553.28 GLU 2004 2019-0196 20/08/2019 Open Shelf  
    Dewey Decimal Classification     Main Kihumuro Campus Main Kihumuro Campus 20/08/2019 Purchase 19/40967   553.28 GLU 2004 2019-0197 11/09/2025 Open Shelf  
    Dewey Decimal Classification     Main Kihumuro Campus Main Kihumuro Campus 20/08/2019 Purchase 19/40968   553.28 GLU 2004 2019-0198 20/08/2019 Open Shelf  
    Dewey Decimal Classification     Main Kihumuro Campus Main Kihumuro Campus 20/08/2019 Purchase 19/40969 1 553.28 GLU 2004 2019-0199 29/11/2019 Open Shelf 06/09/2019
    Dewey Decimal Classification     Main Kihumuro Campus Main Kihumuro Campus 20/08/2019 Purchase 19/40970   553.28 GLU 2004 2019-0200 20/08/2019 Open Shelf